000 00694nam a2200217Ii 4500
003 JO-AjNU
008 230605s9999||||xx |||||||||||||| ||und||
017 _a1983/9/49
040 _aJO-AjNU
_bara
_erda
_cJO-AjNU
041 _aara
050 1 4 _aHG3261.A8.H8722 1983
100 3 _aتأليف الحوراني، احمد,
_eauthor
_935535
245 0 0 _aالمؤسسات المصرفية في الاردن
250 _aط3 مزيدة ومنقحة
264 3 1 _aعمان: د.ن، 1983
300 _a186ص
336 _atext
_btxt
_2rdacontent
337 _aunmediated
_bn
_2rdamedia
338 _avolume
_bnc
_2rdacarrier
650 4 _aالمؤسسات المصرفية -الاردن
_935536
999 _aA14681
_c18249
_d18249